|
|
|
|
| LEADER |
00000naa0a2200000 4500 |
| 001 |
594642 |
| 005 |
20250212115949.0 |
| 035 |
|
|
|a (RuTPU)RU\TPU\tpu\11372
|
| 090 |
|
|
|a 594642
|
| 100 |
|
|
|a 20030905d1976 k||y0rusy50 ca
|
| 101 |
0 |
|
|a rus
|
| 102 |
|
|
|a RU
|
| 200 |
1 |
|
|a Исследование времени затухания переходных процессов в буровом инструменте при использовании гидроимпульсного податчика
|f В. Ф. Горбунов, А. И. Белов, Л. А. Саруев
|
| 320 |
|
|
|a Библиогр.: 5 назв.
|
| 333 |
|
|
|a В фонде НТБ ТПУ отсутствует
|
| 461 |
|
|
|t Труды НИИ строительства угольных и горнорудных предприятий "КузНИИшахтострой"
|
| 463 |
|
|
|t Вып. 15
|v С. 72-77
|d 1976
|
| 610 |
1 |
|
|a затухание
|
| 610 |
1 |
|
|a переходные процессы
|
| 610 |
1 |
|
|a буровые инструменты
|
| 610 |
1 |
|
|a труды учёных ТПУ
|
| 700 |
|
1 |
|a Горбунов
|b В. Ф.
|c российский ученый, специалист в области горной механики
|c профессор Томского политехнического университета
|f 1926-
|g Валерий Федорович
|3 (RuTPU)RU\TPU\pers\19777
|
| 701 |
|
1 |
|a Белов
|b А. И.
|
| 701 |
|
1 |
|a Саруев
|b Л. А.
|c горный инженер
|c профессор Томского политехнического университета, доктор технических наук
|f 1940-
|g Лев Алексеевич
|3 (RuTPU)RU\TPU\pers\19862
|
| 801 |
|
1 |
|a RU
|b 63413507
|c 20030905
|g PSBO
|
| 801 |
|
2 |
|a RU
|b 63413507
|c 20160607
|g RCR
|
| 942 |
|
|
|c CR
|